00823njm a2200265Ia 450000100060000000300090000600500170001500800410003204000130007304000130008604100130009910000230011210000180013510000380015324500530019125000110024426000090025526000700026430000190033430000230035350000310037650500230040765000710043070000560050137590IT-RoPAU20220918181111.0131025s9999 xx 000 0 und d aIT-RoPAU cIT-RoPAU aITALIANO aNazzari Antonietta eAutore musica gCodice autore musica SPICS: 17313 aPaese di pietra (Il)-Cassetta con 36 diapositive a1a ed. aROMA bEDIZIONI PAOLINE FSPc1980 [1a Ed.:1980 - Ed. Lingua Orig.: 1980] aDIAPOMONTAGGIO c (Testo: 24 pag.) aDiapomontaggio sonorizzato aIl paese di pietra aDIDATTICO [DIAPOMONTAGGIO SONORIZZATO]eCodice MATERIA SPICS: 9971 aDangrow CharleseAutoregCodice autore SPICS: 17314